000 00268nam a22001217a 4500
999 _c167064
_d167064
082 _a
_b
100 _aIndira S
245 _aGandhiyan doctrine of truseeship/
_cby Indira S.
260 _aNew Delhi:
_bDiscovery,
_c1991.
300 _a
650 _a
942 _cBK